| 000 | 00489nam a22001817a 4500 | ||
|---|---|---|---|
| 003 | NUST - PNEC | ||
| 005 | 20170116180856.0 | ||
| 008 | 150829b xxu||||| |||| 00| 0 eng d | ||
| 020 | _a9780070601727 | ||
| 020 | _a0070601720 | ||
| 040 | _cLIBRARY | ||
| 082 | _a620.0015 BUC | ||
| 100 |
_96000 _aBuchanan, George R. |
||
| 245 |
_aSchaum's outline finite element analysis _cGeorge R. Buchanan |
||
| 260 | _cc.2006 | ||
| 650 |
_96003 _aFinite element method _xEE / MIS |
||
| 942 |
_2ddc _cBK |
||
| 999 |
_c64805 _d64805 |
||